The 5 Most Valuable Players Per Position - Statistics

General Stats
  • This quiz has been taken 38 times
  • The average score is 30 of 50
Answer Stats
Position Market Value Age Answer % Correct
DM €110.00m 25 Declan Rice
90%
LW €180.00m 25 Kylian Mbappe
90%
RW €120.00m 22 Bukayo Saka
86%
ST €180.00m 23 Erling Haaland
86%
AM €180.00m 20 Jude Bellingham
83%
CB €80.00m 26 Ruben Dias
83%
GK €40.00m 30 Ederson
79%
CB €75.00m 22 William Saliba
79%
LB €70.00m 23 Alphonso Davies
76%
RW €110.00m 23 Phil Foden
76%
RW €100.00m 23 Rodrygo
76%
RB €70.00m 25 Trent Alexander-Arnold
76%
CM €90.00m 21 Eduardo Camavinga
72%
GK €40.00m 24 Gianluigi Donnarumma
72%
ST €110.00m 30 Harry Kane
72%
GK €45.00m 28 Mike Maignan
72%
CB €80.00m 22 Josko Gvardiol
69%
LW €150.00m 23 Vinicius Jr
69%
CM €80.00m 23 Enzo Fernandez
66%
DM €110.00m 27 Rodri
66%
LB €55.00m 26 Theo Hernandez
66%
ST €110.00m 25 Victor Osimhen
66%
AM €110.00m 20 Jamal Musiala
62%
DM €90.00m 22 Moises Caicedo
62%
CM €90.00m 21 Pedri
62%
DM €90.00m 24 Aurelian Tchouameni
59%
AM €80.00m 29 Bernardo Silva
59%
CB €70.00m 26 Eder Militao
59%
ST €110.00m 26 Lautaro Martinez
59%
RB €65.00m 25 Achraf Hakimi
55%
RB €55.00m 26 Ben White
55%
CM €100.00m 25 Federico Valverde
55%
AM €100.00m 20 Florian Wirtz
55%
CM €90.00m 19 Gavi
55%
LW €85.00m 22 Gabriel Martinelli
52%
AM €90.00m 25 Martin Odegaard
48%
LB €50.00m 20 Alejandro Balde
45%
RB €50.00m 23 Jeremie Frimpong
45%
ST/SS €90.00m 24 Julian Alvarez
45%
LB €60.00m 21 Nuno Mendes
45%
LW €90.00m 24 Rafael Leao
45%
RB €50.00m 24 Reece James
41%
CB €70.00m 24 Ronald Araujo
41%
GK €45.00m 24 Diogo Costa
34%
LW €80.00m 22 Kvicha Kvaratskhelia
34%
RW €80.00m 28 Leroy Sane
34%
LB €50.00m 26 Federico Dimarco
31%
DM €85.00m 26 Bruno Guimaraes
24%
GK €40.00m 26 Gregor Kobel
21%
RW €70.00m 20 Xavi Simons
21%
No matching quizzes found
Score Distribution
Percent of People with Each Score
Percentile by Number Answered
Your Score History
You have not taken this quiz